[Event "blitmenteam"]
[Site "?"]
[Date "2016.10.07"]
[Round "7.2"]
[White "Chigaev, Maksim"]
[Black "Morozevich, Alexander"]
[Result "0-1"]
[LiveChessVersion "1.4.4"]
[BlackElo "2669"]
[WhiteElo "2563"]

1. f4 {[%clk 0:03:02]} g6 {[%clk 0:02:54]} 2. g3 {[%clk 0:03:02]} h5
{[%clk 0:02:54]} 3. Nf3 {[%clk 0:03:03]} d5 {[%clk 0:02:55]} 4. c4
{[%clk 0:02:15]} d4 {[%clk 0:02:54]} 5. Rg1 {[%clk 0:02:11]} Nc6 {[%clk 0:02:41]}
6. Bg2 {[%clk 0:02:04]} h4 {[%clk 0:02:31]} 7. b4 {[%clk 0:02:01]} hxg3
{[%clk 0:02:10]} 8. hxg3 {[%clk 0:02:02]} Bg7 {[%clk 0:02:11]} 9. b5
{[%clk 0:01:54]} Nb8 {[%clk 0:02:02]} 10. a4 {[%clk 0:01:46]} Nf6
{[%clk 0:01:57]} 11. Ra3 {[%clk 0:01:44]} c5 {[%clk 0:01:53]} 12. e3
{[%clk 0:01:10]} Bf5 {[%clk 0:01:53]} 13. d3 {[%clk 0:00:53]} dxe3 14. Bxe3
{[%clk 0:00:54]} Nbd7 {[%clk 0:01:51]} 15. Nbd2 {[%clk 0:00:44]} Ng4
{[%clk 0:01:52]} 16. Bf2 {[%clk 0:00:41]} Nxf2 17. Kxf2 {[%clk 0:00:42]} Nf6
{[%clk 0:01:40]} 18. Ne5 {[%clk 0:00:25]} Qd4+ {[%clk 0:01:41]} 19. Kf1
{[%clk 0:00:22]} Nh5 {[%clk 0:01:42]} 20. Bxb7 Bxe5 {[%clk 0:01:43]} 21. Nf3
{[%clk 0:00:12]} Nxg3+ {[%clk 0:01:43]} 22. Rxg3 {[%clk 0:00:13]} Qxf4
{[%clk 0:01:45]} 23. Qe1 {[%clk 0:00:04]} Bd4 {[%clk 0:01:33]} 24. Kg2
{[%clk 0:00:03]} Rd8 {[%clk 0:01:29]} 25. Bc6+ {[%clk 0:00:05]} Kf8
{[%clk 0:01:30]} 26. Nxd4 {[%clk 0:00:04]} Rxd4 {[%clk 0:01:25]} 27. a5
{[%clk 0:00:05]} Qh4 {[%clk 0:01:16]} 28. Qe5 {[%clk 0:00:05]} Rh5
{[%clk 0:00:55]} 29. Qb8+ {[%clk 0:00:06]} Kg7 {[%clk 0:00:56]} 30. b6
{[%clk 0:00:06]} Rf4 {[%clk 0:00:57]} 31. Qe5+ {[%clk 0:00:05]} Kh7
{[%clk 0:00:55]} 32. Rf3 {[%clk 0:00:04]} Qh2+ {[%clk 0:00:55]} 33. Kf1
{[%clk 0:00:05]} Rxf3+ {[%clk 0:00:56]} 0-1

[Event "blitmenteam"]
[Site "?"]
[Date "2016.10.07"]
[Round "7.3"]
[White "Popov, Ivan"]
[Black "Predke, Alexandr"]
[Result "1-0"]
[LiveChessVersion "1.4.4"]
[BlackElo "2500"]
[WhiteElo "2606"]

1. e4 {[%clk 0:03:03]} e5 {[%clk 0:03:03]} 2. Nf3 {[%clk 0:03:04]} Nc6
{[%clk 0:03:04]} 3. Bc4 {[%clk 0:03:06]} Bc5 {[%clk 0:03:04]} 4. c3
{[%clk 0:03:07]} Nf6 {[%clk 0:03:05]} 5. d3 {[%clk 0:03:08]} O-O {[%clk 0:03:05]}
6. Bg5 {[%clk 0:03:09]} h6 {[%clk 0:03:05]} 7. Bh4 {[%clk 0:03:10]} Be7
{[%clk 0:03:06]} 8. Nbd2 {[%clk 0:02:59]} d6 {[%clk 0:03:02]} 9. a4
{[%clk 0:02:53]} Nh5 {[%clk 0:02:45]} 10. Bg3 {[%clk 0:02:39]} Bg4
{[%clk 0:02:45]} 11. a5 {[%clk 0:02:31]} Bg5 {[%clk 0:02:29]} 12. a6
{[%clk 0:02:26]} Bxd2+ {[%clk 0:02:11]} 13. Kxd2 {[%clk 0:02:19]} Rb8
{[%clk 0:01:50]} 14. axb7 {[%clk 0:02:12]} Rxb7 {[%clk 0:01:47]} 15. b4
{[%clk 0:01:50]} Nf4 {[%clk 0:01:19]} 16. Bxf4 {[%clk 0:01:43]} exf4
{[%clk 0:01:19]} 17. Bd5 {[%clk 0:01:41]} Rb6 {[%clk 0:01:20]} 18. h3
{[%clk 0:01:30]} Bxf3 {[%clk 0:01:17]} 19. Qxf3 {[%clk 0:01:29]} Qf6
{[%clk 0:01:10]} 20. Bxc6 {[%clk 0:01:12]} Rxc6 {[%clk 0:01:10]} 21. Ra3
{[%clk 0:01:07]} a5 {[%clk 0:00:59]} 22. bxa5 {[%clk 0:00:57]} Rb8
{[%clk 0:01:00]} 23. Rc1 {[%clk 0:00:57]} Qe5 {[%clk 0:00:28]} 24. Rc2
{[%clk 0:00:54]} Ra6 {[%clk 0:00:23]} 25. Rca2 {[%clk 0:00:47]} Rb1
{[%clk 0:00:22]} 26. Qg4 {[%clk 0:00:24]} Ra8 {[%clk 0:00:07]} 27. Qf5
{[%clk 0:00:25]} Qe7 {[%clk 0:00:05]} 28. a6 {[%clk 0:00:23]} Qh4
{[%clk 0:00:06]} 29. Ke2 {[%clk 0:00:19]} Rg1 {[%clk 0:00:06]} 30. Qg4
{[%clk 0:00:18]} Qf6 {[%clk 0:00:05]} 31. a7 {[%clk 0:00:17]} g6 {[%clk 0:00:04]}
32. Qd7 {[%clk 0:00:13]} Kg7 {[%clk 0:00:04]} 33. Qc6 {[%clk 0:00:13]} Rxa7
{[%clk 0:00:05]} 34. Rxa7 {[%clk 0:00:14]} Rxg2 {[%clk 0:00:06]} 35. Qxc7
{[%clk 0:00:12]} f3+ {[%clk 0:00:06]} 36. Ke3 {[%clk 0:00:10]} Rh2
{[%clk 0:00:04]} 37. R2a5 {[%clk 0:00:07]} g5 {[%clk 0:00:05]} 38. Rf5
{[%clk 0:00:05]} 1-0

[Event "blitmenteam"]
[Site "?"]
[Date "2016.10.07"]
[Round "7.4"]
[White "Yuffa, Daniil"]
[Black "Motylev, Alexander"]
[Result "1-0"]
[LiveChessVersion "1.4.4"]
[BlackElo "2613"]
[WhiteElo "2460"]

1. d4 {[%clk 0:03:03]} g6 {[%clk 0:03:02]} 2. c4 {[%clk 0:03:03]} Bg7
{[%clk 0:03:02]} 3. Nf3 {[%clk 0:03:05]} e6 {[%clk 0:03:03]} 4. g3
{[%clk 0:03:02]} Ne7 {[%clk 0:03:04]} 5. Bg2 {[%clk 0:03:03]} d5 {[%clk 0:03:05]}
6. O-O {[%clk 0:03:03]} O-O {[%clk 0:03:06]} 7. Qc2 {[%clk 0:03:04]} Nbc6
{[%clk 0:03:06]} 8. Rd1 {[%clk 0:02:52]} b6 {[%clk 0:03:06]} 9. Bg5
{[%clk 0:02:50]} h6 {[%clk 0:03:03]} 10. Bxe7 {[%clk 0:02:20]} Nxe7
{[%clk 0:03:03]} 11. Nc3 {[%clk 0:02:20]} Ba6 {[%clk 0:02:59]} 12. b3
{[%clk 0:01:54]} Rc8 {[%clk 0:02:50]} 13. cxd5 {[%clk 0:01:44]} exd5
{[%clk 0:02:50]} 14. Bh3 {[%clk 0:01:45]} f5 {[%clk 0:02:41]} 15. b4
{[%clk 0:01:43]} Qd6 {[%clk 0:02:37]} 16. b5 {[%clk 0:01:37]} Bb7
{[%clk 0:02:38]} 17. e3 {[%clk 0:01:37]} Kh7 {[%clk 0:02:29]} 18. Bg2
{[%clk 0:01:36]} c6 {[%clk 0:02:26]} 19. bxc6 Nxc6 {[%clk 0:02:27]} 20. Nb5
{[%clk 0:01:08]} Qd7 {[%clk 0:02:25]} 21. Qb2 {[%clk 0:01:06]} Qe7
{[%clk 0:02:14]} 22. Rac1 {[%clk 0:01:04]} Ba6 {[%clk 0:01:50]} 23. a4
{[%clk 0:01:01]} Na5 {[%clk 0:01:44]} 24. Nd2 {[%clk 0:00:59]} Qd7
{[%clk 0:01:39]} 25. Qa2 {[%clk 0:00:55]} Rfd8 {[%clk 0:01:20]} 26. Rxc8
{[%clk 0:00:52]} Qxc8 {[%clk 0:01:11]} 27. Bxd5 {[%clk 0:00:46]} Rxd5
{[%clk 0:01:10]} 28. Qxd5 {[%clk 0:00:44]} Qc2 {[%clk 0:01:10]} 29. Qf3
{[%clk 0:00:42]} Qxa4 {[%clk 0:01:00]} 30. Nc3 {[%clk 0:00:32]} Qc2
{[%clk 0:00:57]} 31. Ndb1 {[%clk 0:00:15]} b5 {[%clk 0:00:49]} 32. d5
{[%clk 0:00:13]} b4 {[%clk 0:00:42]} 33. d6 {[%clk 0:00:10]} bxc3
{[%clk 0:00:41]} 34. d7 {[%clk 0:00:11]} Bb7 {[%clk 0:00:38]} 35. Na3
{[%clk 0:00:09]} Bxf3 {[%clk 0:00:24]} 36. Nxc2 {[%clk 0:00:10]} Bxd1
{[%clk 0:00:24]} 37. d8=Q {[%clk 0:00:11]} Bxc2 {[%clk 0:00:23]} 38. Qxa5
{[%clk 0:00:12]} Be4 {[%clk 0:00:20]} 39. Qc7 {[%clk 0:00:10]} c2
{[%clk 0:00:20]} 40. f3 {[%clk 0:00:11]} Bd3 {[%clk 0:00:20]} 41. Kf2
{[%clk 0:00:12]} Kh8 {[%clk 0:00:06]} 42. Ke1 {[%clk 0:00:11]} Kh7
{[%clk 0:00:04]} 43. Kd2 {[%clk 0:00:12]} Bf1 {[%clk 0:00:04]} 44. Qxc2
{[%clk 0:00:12]} Bg2 {[%clk 0:00:04]} 45. Ke2 {[%clk 0:00:13]} Bh3
{[%clk 0:00:05]} 46. Kf2 {[%clk 0:00:14]} h5 {[%clk 0:00:05]} 47. Qa4
{[%clk 0:00:15]} Kh8 {[%clk 0:00:04]} 48. Qh4 {[%clk 0:00:15]} 1-0

[Event "blitmenteam"]
[Site "?"]
[Date "2016.10.07"]
[Round "7.5"]
[White "Artemiev, Vladislav"]
[Black "Ponkratov, Pavel"]
[Result "1/2-1/2"]
[LiveChessVersion "1.4.4"]
[BlackElo "2679"]
[WhiteElo "2781"]

1. d4 {[%clk 0:03:02]} Nf6 {[%clk 0:03:04]} 2. Nf3 {[%clk 0:03:02]} c5
{[%clk 0:03:05]} 3. d5 {[%clk 0:02:44]} e6 {[%clk 0:03:05]} 4. Nc3
{[%clk 0:02:43]} exd5 {[%clk 0:03:01]} 5. Nxd5 {[%clk 0:02:44]} Nxd5 6. Qxd5
{[%clk 0:02:44]} Nc6 {[%clk 0:03:03]} 7. c3 {[%clk 0:02:39]} d6 {[%clk 0:03:00]}
8. e4 {[%clk 0:02:23]} Be6 {[%clk 0:03:01]} 9. Qd1 {[%clk 0:02:21]} Be7
{[%clk 0:03:02]} 10. Bb5 {[%clk 0:02:13]} O-O {[%clk 0:03:00]} 11. O-O
{[%clk 0:02:13]} d5 {[%clk 0:02:51]} 12. exd5 {[%clk 0:02:10]} Qxd5
{[%clk 0:02:50]} 13. Bf4 {[%clk 0:01:22]} a6 {[%clk 0:02:43]} 14. Ba4
{[%clk 0:01:08]} Qe4 {[%clk 0:02:42]} 15. Bg3 {[%clk 0:00:42]} b5
{[%clk 0:02:15]} 16. Bc2 {[%clk 0:00:42]} Qg4 {[%clk 0:02:16]} 17. Re1
{[%clk 0:00:33]} Rad8 {[%clk 0:02:10]} 18. Qe2 {[%clk 0:00:34]} Bf6
{[%clk 0:02:02]} 19. Qe3 {[%clk 0:00:22]} Qh5 {[%clk 0:02:00]} 20. Rad1
{[%clk 0:00:11]} Rxd1 {[%clk 0:01:45]} 21. Rxd1 {[%clk 0:00:07]} Bxa2
{[%clk 0:01:40]} 22. Bd6 {[%clk 0:00:04]} Rd8 {[%clk 0:01:30]} 23. Bxc5
{[%clk 0:00:05]} Be6 {[%clk 0:01:16]} 24. Rxd8+ {[%clk 0:00:05]} Nxd8
{[%clk 0:01:16]} 25. Bd4 {[%clk 0:00:05]} Bxd4 {[%clk 0:01:01]} 26. Nxd4
{[%clk 0:00:06]} g6 27. h3 Qc5 {[%clk 0:00:46]} 28. Qf4 {[%clk 0:00:08]} Qd5
{[%clk 0:00:46]} 29. Be4 {[%clk 0:00:05]} Qd7 {[%clk 0:00:46]} 30. b4
{[%clk 0:00:06]} Bd5 {[%clk 0:00:45]} 31. Bxd5 Qxd5 {[%clk 0:00:46]} 32. Qf6
{[%clk 0:00:04]} Ne6 {[%clk 0:00:43]} 33. Nxe6 {[%clk 0:00:03]} fxe6
{[%clk 0:00:35]} 34. g3 {[%clk 0:00:03]} Qd1+ {[%clk 0:00:33]} 35. Kh2
{[%clk 0:00:04]} Qd5 {[%clk 0:00:34]} 36. g4 {[%clk 0:00:03]} Qd6+
{[%clk 0:00:32]} 37. Kg2 {[%clk 0:00:04]} Qd5+ {[%clk 0:00:34]} 38. Kg3
{[%clk 0:00:05]} Qd6+ {[%clk 0:00:26]} 39. f4 {[%clk 0:00:05]} Qd3+
{[%clk 0:00:26]} 40. Kh4 {[%clk 0:00:06]} Qd5 {[%clk 0:00:25]} 41. Qe7
{[%clk 0:00:04]} Qc4 {[%clk 0:00:17]} 42. Kg5 {[%clk 0:00:05]} Qxc3
{[%clk 0:00:17]} 43. Qe8+ {[%clk 0:00:05]} Kg7 {[%clk 0:00:19]} 44. Qe7+ Kg8 45.
Qxe6+ {[%clk 0:00:08]} Kg7 {[%clk 0:00:20]} 46. Qe7+ {[%clk 0:00:04]} Kg8
{[%clk 0:00:21]} 47. h4 {[%clk 0:00:04]} Qc6 {[%clk 0:00:19]} 48. f5
{[%clk 0:00:04]} gxf5 {[%clk 0:00:20]} 49. gxf5 {[%clk 0:00:04]} Qc1+
{[%clk 0:00:19]} 50. Kf6 {[%clk 0:00:04]} Qh6+ {[%clk 0:00:19]} 51. Ke5
{[%clk 0:00:05]} Qe3+ {[%clk 0:00:21]} 52. Kf6 {[%clk 0:00:03]} Qh6+
{[%clk 0:00:15]} 53. Ke5 Qe3+ {[%clk 0:00:16]} 54. Kf6 {[%clk 0:00:04]} Qh6+
{[%clk 0:00:16]} 55. Ke5 {[%clk 0:00:05]} Qe3+ {[%clk 0:00:18]} 1/2-1/2

[Event "blitmenteam"]
[Site "?"]
[Date "2016.10.07"]
[Round "7.7"]
[White "Timofeev, Artyom"]
[Black "Pridorozhni, Aleksei"]
[Result "1/2-1/2"]
[LiveChessVersion "1.4.4"]
[BlackElo "2611"]
[WhiteElo "2578"]

1. e4 {[%clk 0:03:04]} e6 {[%clk 0:03:04]} 2. d4 {[%clk 0:03:04]} d5
{[%clk 0:03:05]} 3. Nd2 {[%clk 0:03:05]} dxe4 {[%clk 0:03:06]} 4. Nxe4
{[%clk 0:03:06]} Bd7 {[%clk 0:03:07]} 5. Nf3 {[%clk 0:03:03]} Bc6
{[%clk 0:03:08]} 6. Ned2 {[%clk 0:03:03]} Nd7 {[%clk 0:03:06]} 7. Bd3
{[%clk 0:03:03]} Ngf6 {[%clk 0:03:07]} 8. O-O {[%clk 0:03:03]} Be7
{[%clk 0:02:58]} 9. b3 {[%clk 0:03:02]} O-O {[%clk 0:02:58]} 10. Bb2
{[%clk 0:03:03]} b6 {[%clk 0:02:56]} 11. Qe2 {[%clk 0:03:02]} Bb7
{[%clk 0:02:56]} 12. Ba6 {[%clk 0:03:00]} Qc8 {[%clk 0:02:56]} 13. Bxb7
{[%clk 0:03:00]} Qxb7 {[%clk 0:02:57]} 14. c4 {[%clk 0:03:01]} Rfe8
{[%clk 0:02:56]} 15. Rad1 {[%clk 0:03:01]} a5 {[%clk 0:02:52]} 16. a3
{[%clk 0:03:02]} Rad8 {[%clk 0:02:46]} 17. h3 {[%clk 0:03:02]} c5
{[%clk 0:02:45]} 18. Rfe1 {[%clk 0:02:51]} cxd4 {[%clk 0:02:45]} 19. Nxd4
{[%clk 0:02:52]} Nc5 {[%clk 0:02:44]} 20. N2f3 {[%clk 0:02:51]} Qe4
{[%clk 0:01:50]} 21. Qxe4 {[%clk 0:02:42]} Ncxe4 {[%clk 0:01:47]} 22. Nc6
{[%clk 0:02:35]} Rxd1 {[%clk 0:01:47]} 23. Nxe7+ Rxe7 {[%clk 0:01:48]} 24. Rxd1
{[%clk 0:02:36]} Rd7 {[%clk 0:01:44]} 25. Rxd7 {[%clk 0:02:34]} Nxd7
{[%clk 0:01:45]} 26. b4 axb4 {[%clk 0:01:43]} 27. axb4 {[%clk 0:02:34]} f6
{[%clk 0:01:42]} 28. Kf1 {[%clk 0:02:33]} Nd6 {[%clk 0:01:37]} 29. Nd2
{[%clk 0:02:34]} e5 {[%clk 0:01:37]} 30. Ke2 {[%clk 0:02:35]} Kf7
{[%clk 0:01:39]} 31. Kd3 {[%clk 0:02:17]} Ke6 {[%clk 0:01:40]} 32. Ne4
{[%clk 0:02:16]} Nxe4 {[%clk 0:01:24]} 33. Kxe4 {[%clk 0:02:17]} f5+
{[%clk 0:01:25]} 34. Kd3 {[%clk 0:02:15]} h5 {[%clk 0:01:26]} 35. h4
{[%clk 0:02:06]} g6 {[%clk 0:01:26]} 36. f3 {[%clk 0:02:06]} Nb8 {[%clk 0:01:10]}
37. Bc1 {[%clk 0:02:06]} Nc6 {[%clk 0:01:05]} 38. Bd2 {[%clk 0:02:07]} Kd6
{[%clk 0:01:00]} 39. b5 {[%clk 0:02:00]} Nd8 {[%clk 0:01:00]} 40. Be3
{[%clk 0:02:01]} Kc7 {[%clk 0:01:01]} 41. c5 {[%clk 0:02:01]} bxc5
{[%clk 0:01:02]} 42. Bxc5 {[%clk 0:02:02]} Ne6 {[%clk 0:01:03]} 43. Be3
{[%clk 0:02:01]} Kd6 {[%clk 0:00:34]} 44. Kc4 {[%clk 0:02:00]} f4
{[%clk 0:00:28]} 45. Bf2 {[%clk 0:02:01]} g5 {[%clk 0:00:29]} 46. hxg5
{[%clk 0:02:01]} Nxg5 {[%clk 0:00:30]} 47. b6 {[%clk 0:02:01]} Kc6
{[%clk 0:00:30]} 48. b7 {[%clk 0:02:01]} Kxb7 {[%clk 0:00:29]} 49. Kd5
{[%clk 0:02:02]} e4 {[%clk 0:00:27]} 50. fxe4 {[%clk 0:02:01]} f3
{[%clk 0:00:28]} 51. gxf3 {[%clk 0:01:58]} Nxf3 {[%clk 0:00:29]} 52. e5
{[%clk 0:01:59]} Nxe5 {[%clk 0:00:23]} 53. Kxe5 {[%clk 0:02:00]} 1/2-1/2

[Event "blitmenteam"]
[Site "?"]
[Date "2016.10.07"]
[Round "7.8"]
[White "Kryakvin, Dmitry"]
[Black "Sharafiev, Azat"]
[Result "1-0"]
[LiveChessVersion "1.4.4"]
[BlackElo "2482"]
[WhiteElo "2522"]

1. d4 {[%clk 0:03:02]} e6 {[%clk 0:03:04]} 2. Nf3 {[%clk 0:03:03]} Nf6
{[%clk 0:03:04]} 3. c4 {[%clk 0:03:04]} d5 {[%clk 0:03:05]} 4. Bg5
{[%clk 0:03:05]} Nbd7 {[%clk 0:03:02]} 5. cxd5 {[%clk 0:03:03]} exd5
{[%clk 0:03:03]} 6. Nc3 {[%clk 0:03:03]} c6 {[%clk 0:03:03]} 7. e3
{[%clk 0:03:04]} Be7 {[%clk 0:03:03]} 8. Qc2 {[%clk 0:03:05]} O-O
{[%clk 0:03:03]} 9. Bd3 {[%clk 0:03:07]} Re8 {[%clk 0:03:03]} 10. O-O
{[%clk 0:03:08]} Nf8 {[%clk 0:03:04]} 11. h3 {[%clk 0:03:09]} Ng6
{[%clk 0:02:54]} 12. Ne5 {[%clk 0:03:08]} Nd7 {[%clk 0:02:45]} 13. Bxe7 Qxe7
{[%clk 0:02:46]} 14. f4 {[%clk 0:03:08]} Ndf8 {[%clk 0:02:39]} 15. Rae1
{[%clk 0:03:07]} f6 {[%clk 0:02:39]} 16. Nf3 {[%clk 0:03:06]} Qd8
{[%clk 0:02:34]} 17. Kh1 {[%clk 0:03:00]} Ne7 {[%clk 0:02:26]} 18. g4
{[%clk 0:02:57]} Be6 {[%clk 0:02:22]} 19. Rg1 {[%clk 0:02:57]} Kh8
{[%clk 0:02:21]} 20. Kh2 {[%clk 0:02:53]} Qd7 {[%clk 0:02:20]} 21. Rg3
{[%clk 0:02:45]} Rac8 {[%clk 0:02:07]} 22. Qf2 {[%clk 0:02:39]} Qd6
{[%clk 0:02:02]} 23. Kh1 {[%clk 0:02:39]} c5 {[%clk 0:02:01]} 24. Nb5
{[%clk 0:02:25]} Qb6 {[%clk 0:01:59]} 25. dxc5 {[%clk 0:02:24]} Rxc5
{[%clk 0:01:58]} 26. Nbd4 {[%clk 0:02:20]} Rcc8 {[%clk 0:01:47]} 27. g5
{[%clk 0:02:17]} Nc6 {[%clk 0:01:33]} 28. gxf6 {[%clk 0:02:10]} gxf6
{[%clk 0:01:34]} 29. Reg1 {[%clk 0:02:01]} Nxd4 {[%clk 0:01:23]} 30. Nxd4
{[%clk 0:02:02]} Rc7 {[%clk 0:01:22]} 31. Qg2 {[%clk 0:01:54]} Nd7
{[%clk 0:01:10]} 32. Rg7 {[%clk 0:01:40]} Nc5 {[%clk 0:01:09]} 33. Nxe6
{[%clk 0:01:28]} Nxe6 {[%clk 0:01:07]} 34. Rg8+ {[%clk 0:01:27]} 1-0

[Event "blitmenteam"]
[Site "?"]
[Date "2016.10.07"]
[Round "7.9"]
[White "Golubov, Saveliy"]
[Black "Savchenko, Boris"]
[Result "0-1"]
[LiveChessVersion "1.4.4"]
[BlackElo "2626"]
[WhiteElo "2530"]

1. d4 {[%clk 0:03:04]} Nf6 {[%clk 0:03:09]} 2. Nf3 {[%clk 0:03:05]} g6
{[%clk 0:03:03]} 3. e3 {[%clk 0:03:05]} Bg7 {[%clk 0:03:04]} 4. b3
{[%clk 0:03:06]} c5 {[%clk 0:03:03]} 5. Bb2 {[%clk 0:03:07]} cxd4
{[%clk 0:03:04]} 6. Nxd4 {[%clk 0:03:00]} Qa5+ {[%clk 0:03:01]} 7. Qd2
{[%clk 0:02:54]} Qc7 {[%clk 0:03:01]} 8. Bd3 {[%clk 0:02:42]} O-O
{[%clk 0:02:56]} 9. c4 {[%clk 0:02:35]} b6 {[%clk 0:02:50]} 10. Nc3
{[%clk 0:02:20]} Bb7 {[%clk 0:02:48]} 11. f3 {[%clk 0:02:21]} a6 {[%clk 0:02:48]}
12. O-O {[%clk 0:02:11]} d6 {[%clk 0:02:45]} 13. Rac1 {[%clk 0:02:12]} e6
{[%clk 0:02:46]} 14. Bb1 {[%clk 0:02:00]} Nbd7 {[%clk 0:02:45]} 15. Rfd1
{[%clk 0:02:01]} Rfd8 {[%clk 0:02:45]} 16. Qf2 {[%clk 0:01:43]} Rac8
{[%clk 0:02:43]} 17. Nde2 {[%clk 0:01:42]} Ne5 {[%clk 0:02:40]} 18. h3
{[%clk 0:01:30]} Qb8 {[%clk 0:02:29]} 19. Ng3 {[%clk 0:01:31]} h5
{[%clk 0:02:14]} 20. Nce4 {[%clk 0:01:30]} Nxe4 {[%clk 0:01:45]} 21. Nxe4
{[%clk 0:01:31]} d5 {[%clk 0:01:22]} 22. cxd5 {[%clk 0:01:30]} Rxc1
{[%clk 0:01:21]} 23. Rxc1 {[%clk 0:01:29]} Rxd5 {[%clk 0:01:14]} 24. f4
{[%clk 0:01:12]} Nd3 {[%clk 0:01:13]} 25. Bxd3 {[%clk 0:01:12]} Rxd3
{[%clk 0:01:13]} 26. Bxg7 {[%clk 0:01:10]} Kxg7 {[%clk 0:01:09]} 27. Nd2
{[%clk 0:00:26]} Qd8 {[%clk 0:00:58]} 28. Nf3 {[%clk 0:00:27]} Rd1+
{[%clk 0:00:58]} 29. Rxd1 {[%clk 0:00:28]} Qxd1+ {[%clk 0:00:59]} 30. Kh2
{[%clk 0:00:30]} Bxf3 {[%clk 0:00:58]} 31. gxf3 {[%clk 0:00:22]} Kf8
{[%clk 0:00:58]} 32. Kg2 {[%clk 0:00:20]} Ke8 {[%clk 0:00:56]} 33. e4
{[%clk 0:00:13]} Qd6 {[%clk 0:00:56]} 34. Qe3 {[%clk 0:00:10]} Kd7
{[%clk 0:00:52]} 35. h4 {[%clk 0:00:11]} a5 {[%clk 0:00:45]} 36. a4
{[%clk 0:00:12]} Qb4 {[%clk 0:00:41]} 37. Qd3+ {[%clk 0:00:08]} Kc7
{[%clk 0:00:38]} 38. Kf2 {[%clk 0:00:08]} Qd6 {[%clk 0:00:31]} 39. Qc3+
{[%clk 0:00:05]} Kd7 {[%clk 0:00:25]} 40. Qf6 {[%clk 0:00:05]} Qc5+
{[%clk 0:00:23]} 41. Kg2 {[%clk 0:00:04]} Ke8 {[%clk 0:00:23]} 42. Qh8+
{[%clk 0:00:04]} Ke7 {[%clk 0:00:24]} 43. Qb2 {[%clk 0:00:05]} Qe3
{[%clk 0:00:24]} 44. f5 {[%clk 0:00:05]} gxf5 {[%clk 0:00:24]} 45. exf5
{[%clk 0:00:06]} exf5 {[%clk 0:00:24]} 46. Qc2 {[%clk 0:00:06]} Kf6
{[%clk 0:00:23]} 47. Qc6+ {[%clk 0:00:06]} Ke5 {[%clk 0:00:20]} 48. Qc7+
{[%clk 0:00:05]} Kf6 {[%clk 0:00:19]} 49. Qc6+ {[%clk 0:00:05]} Qe6
{[%clk 0:00:18]} 50. Qc3+ {[%clk 0:00:07]} Kg6 {[%clk 0:00:17]} 51. Qd3
{[%clk 0:00:07]} Qf6 {[%clk 0:00:16]} 52. Kg3 {[%clk 0:00:08]} Qe5+
{[%clk 0:00:16]} 53. Kg2 {[%clk 0:00:09]} Qe7 {[%clk 0:00:16]} 54. Kg3
{[%clk 0:00:09]} Qc7+ {[%clk 0:00:16]} 55. Kg2 {[%clk 0:00:09]} Qf4
{[%clk 0:00:17]} 56. Kh3 {[%clk 0:00:09]} Kg7 {[%clk 0:00:10]} 57. Qc3+
{[%clk 0:00:10]} f6 {[%clk 0:00:11]} 58. Qd3 {[%clk 0:00:11]} Kh6
{[%clk 0:00:10]} 59. Qc3 {[%clk 0:00:10]} Qe5 {[%clk 0:00:11]} 60. Qc8
{[%clk 0:00:09]} f4 {[%clk 0:00:06]} 61. Qh8+ {[%clk 0:00:10]} Kg6
{[%clk 0:00:07]} 62. Qg8+ {[%clk 0:00:06]} Kf5 {[%clk 0:00:08]} 63. Qc8+
{[%clk 0:00:04]} Qe6 {[%clk 0:00:09]} 64. Qc3 {[%clk 0:00:05]} Qd7
{[%clk 0:00:07]} 65. Qc4 {[%clk 0:00:04]} Ke5+ {[%clk 0:00:07]} 66. Kh2
{[%clk 0:00:04]} Qd5 {[%clk 0:00:06]} 67. Qc7+ {[%clk 0:00:05]} Qd6
{[%clk 0:00:06]} 68. Qc2 {[%clk 0:00:05]} Qd5 {[%clk 0:00:05]} 69. Qc7+
{[%clk 0:00:06]} Qd6 {[%clk 0:00:06]} 70. Qc2 {[%clk 0:00:07]} f5
{[%clk 0:00:07]} 71. Qe2+ {[%clk 0:00:08]} Kf6 {[%clk 0:00:07]} 72. Qb2+
{[%clk 0:00:08]} Qe5 {[%clk 0:00:07]} 73. Qc2 {[%clk 0:00:09]} Qc5
{[%clk 0:00:06]} 74. Qd2 {[%clk 0:00:09]} Ke5 {[%clk 0:00:06]} 75. Qb2+
{[%clk 0:00:07]} Qd4 {[%clk 0:00:07]} 76. Qc2 {[%clk 0:00:07]} Qd5
{[%clk 0:00:05]} 77. Qe2+ {[%clk 0:00:07]} Kd6 {[%clk 0:00:06]} 78. Qa6
{[%clk 0:00:03]} Qxb3 {[%clk 0:00:06]} 79. Qc8 {[%clk 0:00:03]} Qxf3
{[%clk 0:00:04]} 80. Qxf5 {[%clk 0:00:04]} Qg3+ {[%clk 0:00:04]} 0-1

[Event "blitmenteam"]
[Site "?"]
[Date "2016.10.07"]
[Round "7.10"]
[White "Bocharov, Dmitry"]
[Black "Ivanov, Alexander Al."]
[Result "1-0"]
[LiveChessVersion "1.4.4"]
[BlackElo "2313"]
[WhiteElo "2660"]

1. d4 {[%clk 0:02:59]} d6 {[%clk 0:03:02]} 2. Nf3 {[%clk 0:02:56]} f5
{[%clk 0:03:03]} 3. c4 {[%clk 0:02:56]} Nf6 {[%clk 0:03:03]} 4. Nc3
{[%clk 0:02:53]} g6 {[%clk 0:03:03]} 5. e3 {[%clk 0:02:53]} Bg7 {[%clk 0:03:03]}
6. b4 {[%clk 0:02:54]} Nbd7 {[%clk 0:02:59]} 7. Bb2 {[%clk 0:02:47]} O-O
{[%clk 0:02:47]} 8. Qb3 {[%clk 0:02:47]} c6 {[%clk 0:02:22]} 9. Be2
{[%clk 0:02:42]} e5 {[%clk 0:02:23]} 10. c5+ {[%clk 0:02:37]} d5 {[%clk 0:02:24]}
11. Nxe5 Nxe5 12. dxe5 {[%clk 0:02:07]} Ng4 {[%clk 0:02:27]} 13. Bxg4
{[%clk 0:02:06]} fxg4 {[%clk 0:02:28]} 14. Ne4 {[%clk 0:02:06]} Qe7
{[%clk 0:01:51]} 15. Nf6+ {[%clk 0:02:03]} Kh8 {[%clk 0:01:17]} 16. O-O
{[%clk 0:02:02]} Be6 {[%clk 0:01:18]} 17. Bd4 {[%clk 0:02:02]} a6
{[%clk 0:01:13]} 18. a4 {[%clk 0:02:01]} h5 {[%clk 0:00:39]} 19. b5
{[%clk 0:01:54]} axb5 {[%clk 0:00:38]} 20. axb5 {[%clk 0:01:55]} Rab8
{[%clk 0:00:25]} 21. Ra7 {[%clk 0:01:51]} Qd8 {[%clk 0:00:20]} 22. Rb1
{[%clk 0:01:33]} h4 {[%clk 0:00:18]} 23. Qa4 {[%clk 0:01:29]} h3 {[%clk 0:00:16]}
24. gxh3 {[%clk 0:01:24]} gxh3 {[%clk 0:00:17]} 25. f3 {[%clk 0:01:19]} Bf5
{[%clk 0:00:11]} 26. Ra1 {[%clk 0:01:14]} Qc8 {[%clk 0:00:06]} 27. Kh1
{[%clk 0:01:07]} Bd3 {[%clk 0:00:05]} 28. bxc6 {[%clk 0:00:50]} bxc6
{[%clk 0:00:06]} 29. Nd7 {[%clk 0:00:48]} Bb5 {[%clk 0:00:05]} 30. Qd1
{[%clk 0:00:46]} Rf5 {[%clk 0:03:02]} 31. e6 1-0